[Event "Vigevano U20 op 4th"]
[Site "Vigevano"]
[Date "2025.06.02"]
[Round "6"]
[White "Domene Mulyukov, Alexander"]
[Black "Novomeska, Karin"]
[Result "1-0"]
[WhiteElo "2191"]
[BlackElo "1943"]
[PlyCount "109"]
[EventDate "2025.05.31"]
[EventType "swiss"]
[EventRounds "7"]
[EventCountry "ITA"]
[SourceTitle "CB23_2025"]
[SourceDate "2025.06.04"]
[SourceVersion "1"]
[SourceVersionDate "2025.06.04"]
[SourceQuality "1"]

1. e4 c6 2. d4 d5 3. e5 Bf5 4. c4 e6 5. Nc3 Bb4 6. Nge2 Ne7 7. Ng3 0-0 8. Be2 c5 9. 0-0 cxd4 10. Nb5 dxc4 11. Nxd4 Bd3 12. Bxd3 cxd3 13. Qxd3 Bc5 14. Rd1 Bxd4 15. Qxd4 Qxd4 16. Rxd4 Nbc6 17. Re4 Rfd8 18. Be3 Nf5 19. Nxf5 exf5 20. Ra4 Rd3 21. Kf1 Rad8 22. Ke2 b5 23. Ra3 Rxa3 24. bxa3 Nxe5 25. Bxa7 Nc4 26. Rb1 Rd2+ 27. Ke1 Rxa2 28. Rxb5 f6 29. Rb8+ Kf7 30. Rb7+ Kg8 31. Bc5 Nxa3 32. h4 Nc4 33. h5 h6 34. Rb8+ Kf7 35. Rf8+ Ke6 36. Re8+ Kd5 37. Bf8 Ra7 38. f3 Ne5 39. Kf2 f4 40. Kg1 Rb7 41. Kh2 Rd7 42. Ba3 Nd3 43. Re4 f5 44. Re8 Ra7 45. Bf8 Rd7 46. Re2 Rf7 47. Be7 Ne5 48. Bb4 Rb7 49. Bd2 Rb2 50. Rxe5+ Kxe5 51. Bc3+ Ke6 52. Bxb2 Kf7 53. Be5 g6 54. hxg6+ Kxg6 55. Bxf4 1-0

[Event "Roquetas de Mar op 36th"]
[Site "Roquetas de Mar"]
[Date "2025.01.04"]
[Round "4"]
[White "Domene Mulyukov, Alexander"]
[Black "Castellanos Rodriguez, Renier"]
[Result "1/2-1/2"]
[WhiteElo "2199"]
[BlackElo "2482"]
[PlyCount "83"]
[EventDate "2025.01.02"]
[EventType "swiss"]
[EventRounds "9"]
[EventCountry "ESP"]
[SourceTitle "CB02_2025"]
[SourceDate "2025.01.08"]
[SourceVersion "1"]
[SourceVersionDate "2025.01.08"]
[SourceQuality "1"]

1. e4 c5 2. Nf3 e6 3. g3 Nc6 4. Bg2 Nf6 5. Qe2 e5 6. 0-0 Be7 7. d3 h6 8. Nbd2 0-0 9. Nc4 d6 10. Ne3 Re8 11. Nd2 Nd4 12. Qd1 Bf8 13. c3 Nc6 14. a4 g6 15. f4 exf4 16. gxf4 d5 17. e5 d4 18. Nec4 Nd5 19. Ne4 Be6 20. Ncd6 dxc3 21. bxc3 Bxd6 22. Nxd6 Nxc3 23. Qe1 Nd4 24. Bb2 Nce2+ 25. Kh1 Qb6 26. Rb1 Qa6 27. Rf2 Qxd3 28. Be4 Qa6 29. Bxb7 Qxa4 30. Rxe2 Nxe2 31. Qxe2 Rab8 32. Qe4 Qxe4+ 33. Bxe4 Red8 34. Bc3 Rxb1+ 35. Bxb1 Rb8 36. Bc2 Bb3 37. Be4 Be6 38. Nb7 Bf5 39. Bd5 Be6 40. Be4 Bf5 41. Bd5 Be6 42. Be4 1/2-1/2

[Event "Roquetas de Mar op 36th"]
[Site "Roquetas de Mar"]
[Date "2025.01.03"]
[Round "2"]
[White "Domene Mulyukov, Alexander"]
[Black "Xu, Minghui"]
[Result "0-1"]
[WhiteElo "2199"]
[BlackElo "2428"]
[PlyCount "75"]
[EventDate "2025.01.02"]
[EventType "swiss"]
[EventRounds "9"]
[EventCountry "ESP"]
[SourceTitle "CB02_2025"]
[SourceDate "2025.01.08"]
[SourceVersion "1"]
[SourceVersionDate "2025.01.08"]
[SourceQuality "1"]

1. g3 d5 2. Nf3 Nc6 3. d4 Bf5 4. Bg2 Nb4 5. Na3 e6 6. c3 Nc6 7. 0-0 Bxa3 8. bxa3 Be4 9. Qa4 Nge7 10. Rd1 0-0 11. c4 dxc4 12. Qxc4 Qd5 13. Qc3 Qb5 14. Qe1 Rad8 15. e3 Rd5 16. Rd2 Qa4 17. Rb2 b6 18. Rb3 Na5 19. Rc3 c5 20. Bb2 Rfd8 21. Rcc1 c4 22. Ne5 Bxg2 23. Kxg2 f6 24. Qb4 Qe8 25. Nf3 Nec6 26. Qe1 e5 27. dxe5 Nxe5 28. Nxe5 fxe5 29. Bc3 Nb7 30. Qe2 Rd3 31. Qg4 Nd6 32. Kg1 b5 33. a4 h5 34. Qh4 Rc8 35. Bb4 Nf7 36. a3 g6 37. axb5 Qxb5 38. Qe4 0-1

[Event "Sitges Sunway op-A 11th"]
[Site "Sitges"]
[Date "2024.12.22"]
[Round "10"]
[White "Domene Mulyukov, Alexander"]
[Black "Tan, Jun Ying"]
[Result "0-1"]
[WhiteElo "2205"]
[BlackElo "2357"]
[PlyCount "82"]
[EventDate "2024.12.12"]
[EventType "swiss"]
[EventRounds "10"]
[EventCountry "ESP"]
[SourceTitle "CB52_2024"]
[SourceDate "2024.12.25"]
[SourceVersion "1"]
[SourceVersionDate "2024.12.25"]
[SourceQuality "1"]

1. e4 c5 2. Nf3 d6 3. Bc4 Nf6 4. d3 e6 5. 0-0 Be7 6. Bb3 0-0 7. c3 Nc6 8. Re1 Rb8 9. Nbd2 b5 10. a3 Qc7 11. Nf1 Na5 12. Bc2 c4 13. d4 e5 14. h3 Re8 15. Ng3 h6 16. Nh4 Bf8 17. Nhf5 exd4 18. cxd4 Nb3 19. Bxb3 cxb3 20. Qf3 Qd8 21. Bd2 d5 22. e5 Ne4 23. Nxe4 dxe4 24. Rxe4 Bb7 25. Qg4 Re6 26. Nxh6+ Rxh6 27. Bxh6 Bxe4 28. Bxg7 Bxg7 29. Qxe4 Qc8 30. Rd1 Qc2 31. Rd3 Qc1+ 32. Kh2 Qxb2 33. Rg3 Rb6 34. Qa8+ Kh7 35. Qe4+ Rg6 36. e6 Qxd4 37. Qxd4 Bxd4 38. Rxg6 b2 39. exf7 Bg7 40. Rg5 b1Q 41. f4 Qe4 0-1

[Event "Arad op 17th"]
[Site "Arad"]
[Date "2024.08.06"]
[Round "2"]
[White "Hristodoulou, Panagiotis"]
[Black "Domene Mulyukov, Alexander"]
[Result "1-0"]
[WhiteElo "2407"]
[BlackElo "2229"]
[PlyCount "65"]
[EventDate "2024.08.05"]
[EventType "swiss"]
[EventRounds "9"]
[EventCountry "ROU"]
[SourceTitle "CBM 221 Extra"]
[Source "ChessBase"]
[SourceDate "2024.09.30"]
[SourceVersion "1"]
[SourceVersionDate "2024.09.30"]
[SourceQuality "1"]

1. e4 c5 2. Nf3 Nf6 3. e5 Nd5 4. Nc3 e6 5. Ne4 f5 6. Nc3 d6 7. Nxd5 exd5 8. d4 Nc6 9. Bf4 dxe5 10. Nxe5 Nxe5 11. Bxe5 Qb6 12. Qh5+ Qg6 13. Qf3 Be6 14. 0-0-0 c4 15. Bxc4 dxc4 16. Qxb7 Rd8 17. Rhe1 Be7 18. d5 Bc8 19. Qc7 Kf8 20. d6 Bf6 21. d7 Ba6 22. Bxf6 Qxf6 23. Re8+ Rxe8 24. dxe8Q+ Kxe8 25. Qb8+ Kf7 26. Qxh8 c3 27. Rd7+ Kg6 28. Qe8+ Kh6 29. Qe3+ f4 30. Qxc3 Qg5 31. Qh3+ Kg6 32. Qe6+ Kh5 33. Rd5 1-0

[Event "Timisoara Foisor Memorial Rapid"]
[Site "Timisoara"]
[Date "2024.08.04"]
[Round "7"]
[White "Stremavicius, Titas"]
[Black "Domene Mulyukov, Alexander"]
[Result "1-0"]
[WhiteElo "2520"]
[BlackElo "2229"]
[PlyCount "107"]
[EventDate "2024.08.03"]
[EventType "swiss (rapid)"]
[EventRounds "9"]
[EventCountry "ROU"]
[SourceTitle "CBM 221 Extra"]
[Source "ChessBase"]
[SourceDate "2024.09.30"]
[SourceVersion "1"]
[SourceVersionDate "2024.09.30"]
[SourceQuality "1"]

1. Nf3 c5 2. g3 Nc6 3. Bg2 g6 4. d4 cxd4 5. Nxd4 Bg7 6. Nb3 Nf6 7. Nc3 0-0 8. 0-0 d6 9. e4 Bd7 10. Re1 Ne5 11. Nd5 Rc8 12. c3 Re8 13. Nd4 b5 14. f4 Nxd5 15. exd5 Qb6 16. Kh1 Bg4 17. Qd2 Nc4 18. Qd3 Bxd4 19. cxd4 Qa5 20. Qf1 Nd2 21. Bxd2 Qxd2 22. h3 Bf5 23. g4 Bd7 24. Re2 Qxd4 25. Rae1 Kf8 26. b3 Rc3 27. Re4 Qc5 28. b4 Qxd5 29. Qf2 Bc6 30. Qb2 Qd3 31. R4e3 Bxg2+ 32. Kg1 Qd4 33. Qxc3 Qxc3 34. Rxc3 Bd5 35. Rc7 Bxa2 36. Rxa7 Bc4 37. Kf2 d5 38. Rd7 e6 39. Ra1 Kg7 40. Raa7 Rf8 41. Ke3 h6 42. h4 g5 43. fxg5 hxg5 44. h5 e5 45. Rd6 Re8 46. Rg6+ Kf8 47. Rxg5 d4+ 48. Ke4 d3 49. Rd7 f6 50. Rg6 Re6 51. h6 d2 52. h7 f5+ 53. gxf5 Rxg6 54. h8Q+ 1-0

[Event "Timisoara Foisor Memorial Rapid"]
[Site "Timisoara"]
[Date "2024.08.03"]
[Round "4"]
[White "Domene Mulyukov, Alexander"]
[Black "Chigaev, Maksim"]
[Result "0-1"]
[WhiteElo "2229"]
[BlackElo "2628"]
[PlyCount "71"]
[EventDate "2024.08.03"]
[EventType "swiss (rapid)"]
[EventRounds "9"]
[EventCountry "ROU"]
[SourceTitle "CBM 221 Extra"]
[Source "ChessBase"]
[SourceDate "2024.09.30"]
[SourceVersion "1"]
[SourceVersionDate "2024.09.30"]
[SourceQuality "1"]

1. e4 c5 2. Nf3 d6 3. d4 cxd4 4. Qxd4 Nf6 5. Bb5+ Nbd7 6. Nc3 a6 7. Bxd7+ Bxd7 8. Bg5 e6 9. 0-0-0 Be7 10. e5 dxe5 11. Nxe5 Bc6 12. Nxc6 bxc6 13. Bxf6 gxf6 14. Qf4 Qb8 15. Qf3 Qc7 16. Ne4 f5 17. Qc3 Rg8 18. Nf6+ Bxf6 19. Qxf6 Qe7 20. Qc3 Qg5+ 21. Kb1 Qxg2 22. f3 Rc8 23. Qb4 Qxf3 24. Rhf1 Qg2 25. Qb7 Rd8 26. Rxd8+ Kxd8 27. Rd1+ Ke8 28. Qc7 Kf8 29. Rd8+ Kg7 30. Qe5+ Kh6 31. Qf6+ Rg6 32. Qh4+ Kg7 33. Qd4+ Rf6 34. a3 f4 35. Qd6 Qh1+ 36. Qd1 0-1

[Event "El Vendrell op 4th"]
[Site "El Vendrell"]
[Date "2024.07.13"]
[Round "1"]
[White "Novales Montero, Enric"]
[Black "Domene Mulyukov, Alexander"]
[Result "0-1"]
[WhiteElo "1723"]
[BlackElo "2254"]
[PlyCount "51"]
[EventDate "2024.07.13"]
[EventType "swiss"]
[EventRounds "9"]
[EventCountry "ESP"]
[SourceTitle "CBM 221 Extra"]
[Source "ChessBase"]
[SourceDate "2024.09.30"]
[SourceVersion "1"]
[SourceVersionDate "2024.09.30"]
[SourceQuality "1"]

1. e4 g6 2. Nf3 Bg7 3. d4 d6 4. Be2 Nc6 5. 0-0 e5 6. d5 Nce7 7. c4 Nf6 8. Nc3 0-0 9. Bg5 Nd7 10. Nd2 h6 11. Bh4 a5 12. Nb5 Nc5 13. a3 a4 14. b4 axb3 15. Nxb3 Nxe4 16. Bd3 Nf6 17. Qd2 g5 18. Bg3 b6 19. f3 Nd7 20. h4 f6 21. Qc2 f5 22. hxg5 hxg5 23. Qd2 Ng6 24. Kf2 e4 25. Be2 f4 26. Rh1 0-1

[Event "San Sebastian op 44th"]
[Site "San Sebastian"]
[Date "2024.03.30"]
[Round "9"]
[White "Seoane Rodriguez, Unai"]
[Black "Domene Mulyukov, Alexander"]
[Result "1/2-1/2"]
[WhiteElo "1948"]
[BlackElo "2246"]
[PlyCount "120"]
[EventDate "2024.03.23"]
[EventType "swiss"]
[EventRounds "9"]
[EventCountry "ESP"]
[SourceTitle "EXT 2025"]
[Source "ChessBase"]
[SourceDate "2024.10.14"]
[SourceVersion "1"]
[SourceVersionDate "2024.10.14"]
[SourceQuality "1"]

1. c4 e5 2. Nc3 Nc6 3. Nf3 g6 4. d4 exd4 5. Nxd4 Bg7 6. Nxc6 bxc6 7. e4 Qe7 8. Bd3 Nf6 9. 0-0 0-0 10. Re1 d6 11. Qc2 Ng4 12. h3 Ne5 13. Be2 c5 14. Nd5 Qd8 15. Bd2 Nc6 16. Bc3 Nd4 17. Qd2 c6 18. Ne3 Re8 19. Nc2 Nxc2 20. Qxc2 Bxc3 21. bxc3 Qe7 22. Rad1 Be6 23. Rd2 Rad8 24. Red1 f6 25. Bf1 Bf7 26. f3 Qc7 27. Qa4 Kf8 28. Rb2 Rb8 29. Rdb1 Rb6 30. Qd1 Reb8 31. Rb3 Ke7 32. Qd2 Qb7 33. Rd1 Rd8 34. Rxb6 Qxb6 35. f4 Qb8 36. Kf2 Be8 37. Be2 Rd7 38. Qe3 Rb7 39. e5 dxe5 40. Qxc5+ Kf7 41. Rd6 Re7 42. f5 Qb6 43. Qe3 Qxe3+ 44. Kxe3 Rb7 45. c5 Kg7 46. g4 gxf5 47. gxf5 Rb2 48. Re6 Bf7 49. Rxc6 Rc2 50. Rc7 Kf8 51. Rc8+ Ke7 52. Rc7+ Ke8 53. Bb5+ Kf8 54. Kf3 Rh2 55. Ke3 Rxh3+ 56. Kd2 Rh2+ 57. Kd3 Rh3+ 58. Kd2 Rh2+ 59. Ke3 Rh3+ 60. Kd2 Rh2+ 1/2-1/2

[Event "San Sebastian op 44th"]
[Site "San Sebastian"]
[Date "2024.03.28"]
[Round "7"]
[White "Domene Mulyukov, Alexander"]
[Black "Grieve, Harry"]
[Result "1-0"]
[WhiteElo "2246"]
[BlackElo "2470"]
[PlyCount "121"]
[EventDate "2024.03.23"]
[EventType "swiss"]
[EventRounds "9"]
[EventCountry "ESP"]
[SourceTitle "EXT 2025"]
[Source "ChessBase"]
[SourceDate "2024.10.14"]
[SourceVersion "1"]
[SourceVersionDate "2024.10.14"]
[SourceQuality "1"]

1. e4 c5 2. Nf3 a6 3. c4 Nc6 4. d4 cxd4 5. Nxd4 e5 6. Nc2 Bc5 7. Bd3 d6 8. 0-0 Be6 9. Nc3 Nf6 10. Rb1 0-0 11. b4 Ba7 12. Bg5 Nd4 13. Nxd4 Bxd4 14. Ne2 Bb6 15. Ng3 h6 16. Bd2 Qd7 17. h3 Rfc8 18. Rc1 a5 19. b5 Qe7 20. Qf3 Kh7 21. Rfd1 g6 22. Nf1 Bd4 23. Ne3 b6 24. Nd5 Bxd5 25. cxd5 Bc5 26. Kh2 Nd7 27. Qg3 Rf8 28. f4 Nf6 29. fxe5 Nh5 30. Qf3 Qxe5+ 31. g3 Rae8 32. Rf1 Re7 33. Kg2 Ng7 34. Bf4 Qd4 35. Rc4 Qb2+ 36. Rc2 Qd4 37. Rxc5 Qxc5 38. Rc1 Qb4 39. Rc4 Qb2+ 40. Rc2 Qa3 41. e5 Nf5 42. exd6 Re3 43. Bxe3 Qxd3 44. Re2 Qxb5 45. Bf2 Nxd6 46. Re7 Kg8 47. g4 Re8 48. Ra7 Qb2 49. Rd7 Qb4 50. Bg3 Qd2+ 51. Bf2 Qb4 52. Qf6 Qe4+ 53. Kh2 Qxd5 54. Rxd6 Qe5+ 55. Qxe5 Rxe5 56. Rxb6 Kf8 57. Bd4 Rd5 58. Bc3 h5 59. gxh5 Rxh5 60. Bf6 Ke8 61. Rd6 1-0